00626 2200193 4500001002100000005001500021035002000036007000300056008004100059082001000100084001600110100002400126245009800150260008800248300003800336650000900374650002100383650002800404INLIS00000000000149420250918025228 a0010-0925000008ta250918 g 0 ind  a633.1 a633.1 TRI p0 aTristiana Handayani1 aPenerapan Good Agriculture / Handling Practices Padi di Sumatera Utara /cTristiana Handayani aSumatera Utara :bBalai Penerapan Standar Instrumen Pertanian Sumatera Utara,c2024 a51 hlm, :bilus, ;c15 cm x 21 cm 4aBuku 4aGood Agriculture 4aHandling Practices Padi